| 000 -ლიდერი |
| ფიქსირებული სიგრძის საკონტროლო ველი |
00971nam a2200241Ia 4500 |
| 001 - საკონტროლო ნომერი |
| საკონტროლო ველი |
20049 |
| 003 - საკონტროლო ნომრის იდენტიფიკატორი |
| საკონტროლო ველი |
GE_BSU |
| 005 - ბოლო ოპერაციის თარიღი და დრო |
| საკონტროლო ველი |
20221111142947.0 |
| 008 - ფიქსირებული სიგრძის მონაცემთა ელემენტები - ზოგადი ინფორმაცია |
| ფიქსირებული სიგრძის საკონტროლო ველი |
181216s1972ge xx |||||||||||||| ||geo|| |
| 040 ## - კატალოგიზაციის წყარო |
| Transcribing agency |
GE_BSU |
| 041 ## - ენის კოდი |
| Language code of text/sound track or separate title |
geo |
| 080 ## - უნივერსალური ათობითი კლასიფიკაციის ინდექსი |
| Universal Decimal Classification number |
398.2(3)(038) + 2-264(3)(038) |
| 100 ## - მთავარი ჩანაწერი - პიროვნების სახელი |
| Personal name |
გაფრინდაშვილი, ნოდარ |
| 9 (RLIN) |
9753 |
| 245 ## - ცნობა სათაურის შესახებ |
| Title |
მითოლოგიური ლექსიკონი / |
| Statement of responsibility, etc |
ნოდარ გაფრინდაშვილი ; [რედ. აკ. ურუშაძე]. |
| 264 ## - წარმოების, გამოცემის, დისტრიბუციის და სხვა ცნობები |
| გამოცემის, წარმოების, დისტრიბუციის... ადგილი |
თბილისი : |
| გამოცემის, წარმოების, დისტრიბუციის... სახელწოდება |
განათლება, |
| გამოცემის, წარმოების, დისტრიბუციის... თარიღი |
1972. |
| 300 ## - ფიზიკური აღწერა |
| Extent |
335გვ. ; |
| Other physical details |
23სმ. |
| 504 ## - BIBLIOGRAPHY, ETC. NOTE |
| Bibliography, etc |
ბიბლიოგრ. გვ. 335 |
| 653 ## - INDEX TERM--UNCONTROLLED |
| Uncontrolled term |
მითები |
| 653 ## - INDEX TERM--UNCONTROLLED |
| Uncontrolled term |
მითოლოგია |
| 653 ## - INDEX TERM--UNCONTROLLED |
| Uncontrolled term |
მითოლოგიური ლექსიკონი |
| 700 ## - ADDED ENTRY--PERSONAL NAME |
| Personal name |
ურუშაძე, აკაკი |
| Relator term |
რედაქტორი |
| 9 (RLIN) |
15779 |
| 942 ## - ADDED ENTRY ELEMENTS (KOHA) |
| Koha item type |
წიგნი |
| Source of classification or shelving scheme |
|